ბათუმის შოთა რუსთაველის სახელმწიფო უნივერსიტეტის ბიბლიოთეკა

ხახულის ქართული მონასტერი / (ბიბ.ჩანაწერი № 50627)

000 -ლიდერი
ფიქსირებული სიგრძის საკონტროლო ველი 01642nam a2200265Ia 4500
001 - საკონტროლო ნომერი
საკონტროლო ველი 17577
003 - საკონტროლო ნომრის იდენტიფიკატორი
საკონტროლო ველი GE_BSU
005 - ბოლო ოპერაციის თარიღი და დრო
საკონტროლო ველი 20200220104303.0
008 - ფიქსირებული სიგრძის მონაცემთა ელემენტები - ზოგადი ინფორმაცია
ფიქსირებული სიგრძის საკონტროლო ველი 181216s2015ge xx |||||||||||||| ||geo||
020 ## - წიგნის საერთაშორისო სტანდარტული ნომერი
International Standard Book Number 9789941462207
040 ## - კატალოგიზაციის წყარო
Transcribing agency GE_BSU
041 ## - ენის კოდი
Language code of text/sound track or separate title geo
080 ## - უნივერსალური ათობითი კლასიფიკაციის ინდექსი
Universal Decimal Classification number 726:27-523.6(560) შ-93
100 ## - მთავარი ჩანაწერი - პიროვნების სახელი
Personal name შუგუროვი, ნ.მ.
9 (RLIN) 7193
245 ## - ცნობა სათაურის შესახებ
Title ხახულის ქართული მონასტერი /
Statement of responsibility, etc შუგუროვი ნ.მ . რუსულიდან თარგმნა რევაზ დიასამიძემ ; რედ : მამია ფაღავა ; მალხაზ ჩოხარაძე .
264 ## - წარმოების, გამოცემის, დისტრიბუციის და სხვა ცნობები
გამოცემის, წარმოების, დისტრიბუციის... ადგილი ბათუმი :
გამოცემის, წარმოების, დისტრიბუციის... სახელწოდება შოთა რუსთაველის უნიტის გამ-ბა,
გამოცემის, წარმოების, დისტრიბუციის... თარიღი 2015.
300 ## - ფიზიკური აღწერა
Extent 35 გვ.:
Dimensions 20 სმ,
653 ## - INDEX TERM--UNCONTROLLED
Uncontrolled term რელიგია
653 ## - INDEX TERM--UNCONTROLLED
Uncontrolled term წიგნი დააინტერესებს ქართული ხელოვნების ისტორიის სპეციალისტებს,ასევე ეთნოგრაფებს,ისტორიკოსებს და ისტორიული სამხრეთ-საქართველოთი დაინტერესებულ პირებს.
653 ## - INDEX TERM--UNCONTROLLED
Uncontrolled term ხახულის ქართული მონასტერი
653 ## - INDEX TERM--UNCONTROLLED
Uncontrolled term ხელოვნება
700 ## - ADDED ENTRY--PERSONAL NAME
Personal name ფაღავა, მამია
Relator term რედაქტორი
9 (RLIN) 7194
700 ## - ADDED ENTRY--PERSONAL NAME
Personal name ჩოხარაძე, მალხაზ
Relator term რედაქტორი
9 (RLIN) 7195
942 ## - ADDED ENTRY ELEMENTS (KOHA)
Koha item type წიგნი
Source of classification or shelving scheme
ეგზემპლარები
ჩამოწერის სტატუსი დაკარგული ეგზემპლარის სტატუსი კლასიფიკაციის წყარო ან თაროზე გაწყობის სქემა დაზიანების სტატუსი არ გაიცემა მუდმივი მდებარეობა (დაცვის ადგილი) ამჟამინდელი ადგილსამყოფელი თაროზე განთავსების ადგილი შეძენის თარიღი ღირებულება, შესყიდვის ნორმალური ფასი სრული შენახვის შიფრი შტრიხკოდი ბოლო ოპერაციის თარიღი ეგზემპლარის მიმდევრობითი ნომერი (კეტერი?) ფასის ძალაში შესვლის თარიღი ეგზემპლარის სახეობა საჯარო შენიშვნა
          ბათუმის შოთა რუსთაველის სახელმწიფო უნივერსიტეტის მთავარი ბიბლიოთეკა ბათუმის შოთა რუსთაველის სახელმწიფო უნივერსიტეტის მთავარი ბიბლიოთეკა წიგნსაცავი 2018-12-17 1.00 726:27-523.6(560) შ-93 45602 2018-12-17 45602 2018-12-17 წიგნი 1ლ. 99თ.
          ბათუმის შოთა რუსთაველის სახელმწიფო უნივერსიტეტის მთავარი ბიბლიოთეკა ბათუმის შოთა რუსთაველის სახელმწიფო უნივერსიტეტის მთავარი ბიბლიოთეკა წიგნსაცავი 2018-12-17 1.00 726:27-523.6(560) შ-93 45603 2018-12-17 45603 2018-12-17 წიგნი 1ლ. 99თ.
          ბათუმის შოთა რუსთაველის სახელმწიფო უნივერსიტეტის მთავარი ბიბლიოთეკა ბათუმის შოთა რუსთაველის სახელმწიფო უნივერსიტეტის მთავარი ბიბლიოთეკა   2018-12-17 1.00 726:27-523.6(560) შ-93 45604 2018-12-17 45604 2018-12-17 წიგნი 1ლ. 99თ.
          ბათუმის შოთა რუსთაველის სახელმწიფო უნივერსიტეტის მთავარი ბიბლიოთეკა ბათუმის შოთა რუსთაველის სახელმწიფო უნივერსიტეტის მთავარი ბიბლიოთეკა წიგნსაცავი 2018-12-17 1.00 726:27-523.6(560) შ-93 45605 2018-12-17 45605 2018-12-17 წიგნი 1ლ. 99თ.